000 00372nam a22001217a 4500
999 _c15097
_d15097
008 200304b ||||| |||| 00| 0 eng d
100 _941820
_aAlivio, Cristina E.
245 _aLocal heroes/
_cCristina E. Alivio.
260 _aDavao City, Philippines;
_bSunstar Davao,
_c©2019.
300 _apage S19;
_c29.5cm.
650 _aHeroes and Heroines.
_941821
942 _2ddc
_cPER